| 000 | 01144cam a22002415a 4500 | ||
|---|---|---|---|
| 001 | L138443 | ||
| 002 | 16734 | ||
| 008 | 070606s2007 xxk f 000 0 eng d | ||
| 020 | _a9780117021693 | ||
| 035 | _a(Sirsi) u138443 | ||
| 041 | 0 | _aeng | |
| 050 | 0 | 4 | _a346.4104346 $2 18 |
| 100 | 1 | _aRadford, David | |
| 245 | 0 | 0 |
_aAdding value to your home _ba guide to extending your lease or buying your freehold |
| 260 |
_aLondon _bThe Stationery Office Books _c2007 |
||
| 300 |
_a42p. _c21cm. |
||
| 350 | _a12.99 | ||
| 520 | _aEnfranchisement legislation now enables the purchase of a freehold or the extension of a lease. Summarises the three main types of enfranchisement and gives examples of leasehold enfranchisement valuations. Explains the criteria which must be satisfied before a claim can be submitted and describes the procedure involved from the service of a claim to the completion of a purchase. Also provides a guide to the basis on which the premium payable to the landlord is calculated. | ||
| 590 | _aKA | ||
| 651 | 4 |
_aUnited Kingdom _y |
|
| 690 | _aPROPERTY-LANDLORD AND TENANT-LEASES-LEASEHOLD ENFRANCHISEMENT | ||
| 942 | _n0 | ||
| 999 |
_c107165 _d107165 |
||